000
00295nam a22001337a 4500
008
170301b xxu||||| |||| 00| 0 eng d
020
_a
9780443065736
041
_a
eng
080
_2
5TH
_a
61
100
_a
6
101
_a
SHM
245
_a
BASICS OF ANESTHESIA
_c
STOELTING, R.K
942
_2
udc
_c
BK
999
_c
6527
_d
6527